Sports Quiz

Random Sports or MLB Quiz

MLB Multiple No-Hitters Quiz Stats

 Plays Quiz Updated Dec 28, 2018

Also try: MLB No-Hitters
Challenge
Share
Tweet
Embed
Score 0/31 Timer 05:00
0 Plays Today
# Player % Correct
7Nolan Ryan
94.1%
2Randy Johnson
78%
4Sandy Koufax
61.9%
3Cy Young
54.6%
2Tim Lincecum
34.7%
2Max Scherzer
33.4%
2Jake Arrieta
26.5%
2Roy Halladay
25.2%
3Bob Feller
24%
2Johnny Vander Meer
24%
2Mark Buehrle
22.6%
2Homer Bailey
21.5%
2Christy Mathewson
21.4%
2Justin Verlander
20.5%
2Warren Spahn
20.3%
2Hideo Nomo
19.8%
# Player % Correct
2Frank Smith
14.8%
2Jim Bunning
11.2%
2Don Wilson
6.2%
2Bob Forsch
5.9%
2Addie Joss
5.9%
2Allie Reynolds
5.4%
2Virgil Trucks
5.1%
2Pud Galvin
4.7%
2Steve Busby
4.2%
2Jim Maloney
4.1%
2Ken Holtzman
3.7%
3Larry Corcoran
2.6%
2Bill Stoneman
2.4%
2Carl Erskine
2.1%
2Hub Leonard
1.9%

You're not logged in!

Compare scores with friends on all Sporcle quizzes.
OR
Log In

You Might Also Like...

Show Comments

Extras

Top Quizzes Today


Score Distribution

Your Account Isn't Verified!

In order to create a playlist on Sporcle, you need to verify the email address you used during registration. Go to your Sporcle Settings to finish the process.

Report this User

Report this user for behavior that violates our Community Guidelines.

Details: